000 00646nam a2200277Ia 4500
005 20260324115233.0
008 008 260324s9999 xx 000 0 eng d
020 _a9780429327551
037 _aEBOOK
040 _aCRL
040 _beng
040 _cCRL
041 _2eng
041 _aeng
084 _qCRL
100 _aYesim Ozogul
_91153894
245 0 _aInnovative Technologies in Seafood Processing
260 _bTaylor and Francis
260 _c2019
365 _a
365 _b370
856 _uhttp://www.taylorfrancis.com/books/9780429327551
942 _cEBOOK
999 _c1744622
_d1744622